000 00998nas a2200325 4500
001 BR0204707
003 BR-BrBNA
005 20231205103239.0
007 ta
008 230509b bl.|||p| |||| 00| 00por d
040 _aBR-BrBNA
_bpor
_cBiblioteca Nacional de Agricultura
041 _a(Pt)
072 _aF60; F40
100 1 _aSpathelf, P.
100 1 _aFleig, F.D.
100 1 _aVaccaro, S.
100 1 _aEsber, L.M.
245 1 _aAnálise dendroecológica de Ocotea pulchella Nees et Mart. ex Nees (canela lageana)na serra geral de Santa Maria, RS, Brasil
650 _aÁRVORE FLORESTAL
650 _aECOLOGIA FLORESTAL
650 _aEVAPOTRANSPIRAÇÃO
650 _aCLIMA
650 _aBALANÇO HÍDRICO
650 _aMODELO MATEMÁTICO
650 _aCRESCIMENTO
650 _aRIO GRANDE DO SUL
773 0 _tCiência Florestal (Brazil)
_xISSN 0103-9954
_g(Jun 2000), v. 10(1) p. 95-108
_wBR0204707
909 _a202311
_bLúcia
_c55
_dLúcia Elande
942 _2AGRIS
_n0
_cANA
999 _c171865
_d171865